Multiple Choice City Quiz – Snellville, GA - Statistics

General Stats
  • This quiz has been taken 10 times
  • The average score is 5 of 10
Answer Stats
Question Answer % Correct
What city is Snellville a developed suburb to? Atlanta
83%
What mountain is right nearby? Stone Mountain
83%
Which political figure in Snellville was accused for alleged tax evasion? Mayor
67%
What event is annually hosted in May in Snellville? Snellville Days Festival
67%
Which sports player did not come from Snellville? Malcolm Brogdon
50%
What is Snellville's Motto? Where Everybody's Proud to be Somebody.
50%
In 2001, rumors of soil contamination came from what? An old dry cleaner in the Shopping Center.
33%
What U.S. Route Highway goes through Snellville? U.S. Route 78
33%
Who used to inhabit the area of Snellville? Creek Indians
17%
What was Snellville originally called? New London
0%
No matching quizzes found
Score Distribution
Percent of People with Each Score
Percentile by Number Answered
Your Score History
You have not taken this quiz